| 000 | 01015nam a2200265 a 4500 | ||
|---|---|---|---|
| 001 | 79388 | ||
| 003 | BD-RjUL | ||
| 005 | 20220215130039.0 | ||
| 008 | 220215s2015 bg ||||| |||| 00| 0 ben d | ||
| 020 |
_a9847000002198 _c: Tk. 200.00 |
||
| 035 | _a(BD-RjUL)79388 | ||
| 040 |
_aBD-RjUL _bben _cBD-RjUL |
||
| 041 | _aben | ||
| 082 |
_223 _a128.2 _bSHM 2015 |
||
| 100 |
_aশেফার, জেরোম এ. _9186000 |
||
| 245 | 1 | 0 |
_aমনোদর্শন / _cজেরোম এ. শেফার ; মুহম্মদ জহুরুল হক অনূদিত |
| 250 | _a২য় সং. | ||
| 260 |
_aঢাকা : _bজাতীয় সাহিত্য প্রকাশ, _c২০১৫ |
||
| 300 |
_a১২৮ পৃ. ; _c২৩ সেমি. |
||
| 650 |
_aমনোদর্শন _9172798 |
||
| 650 |
_aPhilosophy of mind _9182484 |
||
| 700 |
_aহক, মুহম্মদ জহুরুল, অনুবাদক _91357 |
||
| 830 |
_aবাএ ; _v১৩৪৪ _9601 |
||
| 942 |
_2ddc _cBK |
||
| 999 |
_c79388 _d79388 |
||